000 00615nam a2200181Ia 4500
008 151018s9999 xx 000 0 und d
082 _bRBASDV333
_a891.463
100 _aकमला बंबवाले
245 _aकमळाच्या पाकळ्या
250 _b1
260 _bसौ बंबवाले कमला
_c1937
300 _a222
600 _aकमला बंबवाले
630 _aकमळाच्या पाकळ्या
700 _aकमला बंबवाले
730 _aकमळाच्या पाकळ्या
942 _cBOOK
999 _c1002803
_d1002800